Tiểu thuyết hiện thực nga thế kỷ XIX

Đã lưu trong:
Sonraí Bibleagrafaíochta
Príomhúdar: Trần, Thị Phương Phương
Formáid: Leabhar
Foilsithe: Hà Nội Khoa học Xã hội 2006
Ábhair:
Clibeanna: Cuir Clib Leis
Gan Chlibeanna, Bí ar an gcéad duine leis an taifead seo a chlibeáil!
Thư viện lưu trữ: Trung tâm Học liệu Lê Vũ Hùng, Trường Đại học Đồng Tháp
LEADER 00814pam a22002418a 4500
001 00037699
005 20171026081025.0
008 170513s2006 ||||||Viesd
041 0 # |a Vie 
082 1 4 |a 891.7  |b T309TH 
100 1 # |a Trần, Thị Phương Phương 
245 1 0 |a Tiểu thuyết hiện thực nga thế kỷ XIX  |c Trần Thị Phương Phương 
260 # # |b Khoa học Xã hội  |c 2006  |a Hà Nội 
300 # # |a 190tr.  |c 20,5 cm 
653 # # |a Tiểu thuyết 
653 # # |a thế kỷ XIX 
653 # # |a Tiểu thuyết nga 
852 # # |b Kho mượn  |j KM.0022050 
852 # # |b Kho đọc  |j KD.0021428 
852 # # |j KM.0022050  |j KD.0021428 
910 |d 13/05/2017 
980 # # |a Trung tâm Học liệu Lê Vũ Hùng, Trường Đại học Đồng Tháp